All Roman Dictators - Statistics

General Stats
  • This quiz has been taken 36 times
  • The average score is 2 of 8
Answer Stats
Year(s) Full Name Common Name % Correct
49-44 Gaius Julius Caesar Julius Caesar
100%
81 Lucius Cornelius Sulla Felix Sulla
78%
458, 439 Lucius Quinctius Cincinnatus Cincinnatus
28%
217 Quintus Fabius Maximus Verrucosus Fabius
16%
334 Publius Cornelius Rufinus Cornelius Rufinus
13%
301 Marcus Valerius Corvus Valerius Corvus
6%
324, 309 Lucius Papirius Cursor Cursor
3%
494 Manius Valerius Maximus Valerius
3%
No matching quizzes found
Score Distribution
Percent of People with Each Score
Percentile by Number Answered
Your Score History
You have not taken this quiz